• 首页
  • 本馆介绍
  • 公告通知
  • 最新文献
  • 馆藏检索
  • 电子资源
  • 读者导购
  • 参考咨询
  • 我的图书馆
  • 登录
  • 详细信息显示
  • 放入我的书架
  • 预约/预借图书
  • 作者相关作品
  • 分类相关作品
  • 丛书相关作品
  • 出版社相关作品

书目信息

  • 表格格式
  • 工作单格式
  • 卡片格式
题名:
自动控制原理及其应用
    
 
作者: 黄坚 主编
分册:  
出版信息: 北京   高等教育出版社  2014
页数: 201页
开本: 26cm
丛书名:
单 册:
中图分类: TP13
科图分类:
主题词: 自动控制理论--高等职业教育--教材
电子资源:
ISBN: 978-7-04-041324-3
000 00841nam0 2200241 450
001 0103445722
005 20150604160218.0
010    @a978-7-04-041324-3@dCNY27.80
100    @a20150320d2014 em y0chiy0120 ea
101 0  @achi
102    @aCN@b110000
105    @ay z 000yy
106    @ar
200 1  @a自动控制原理及其应用@9Zi Dong Kong Zhi Yuan Li Ji Qi;Ji Ying Yong @f黄坚主编@b专著
210    @a北京@c高等教育出版社@d2014
215    @a201页@d26cm
300    @a“十二五”职业教育国家规划教材 高职高专电子电器类专业课教材
330    @a本书内容包括:概述、自动控制系统的数学模型、时域分析法、频率特性法、控制系统的校正与设计、离散控制系统分析。
606 0  @a自动控制理论@x高等职业教育@j教材
690    @aTP13@v5
701  0 @a黄坚@f(1954~)@4主编@9huang jian
801  0 @aCN@bAZmarc@c20230907
905    @aBZT@dTP13@e10@f2@sTP13/10
    
    自动控制原理及其应用/黄坚主编.-北京:高等教育出版社,2014
    201页;26cm
    “十二五”职业教育国家规划教材 高职高专电子电器类专业课教材
    
    ISBN 978-7-04-041324-3:CNY27.80
    本书内容包括:概述、自动控制系统的数学模型、时域分析法、频率特性法、控制系统的校正与设计、离散控制系统分析。
●
相关链接 在五车中查询图书 在当当中查询图书 在豆瓣中查询图书


正题名:自动控制原理及其应用     索取号:TP13/10         预约/预借

序号 登录号 条形码 馆藏地/架位号 状态 备注
1 2000007826   2000007826   旧书回溯/ [索取号:TP13/10] 在馆    
2 2000009944   2000009944   旧书回溯/ [索取号:TP13/10] 在馆    
山东省滨州职业学院图书馆 欢迎您!
大连网信软件有限公司© 版权所有